000 00656nam a2200205Ia 4500
001 23192
003 GE_BSU
008 181216s||||||||xx |||||||||||||| ||und||
040 _cGE_BSU
080 _a821.353.1.09
100 _aბაქრაძე, აკაკი
245 _aმითოლოგიური ენგადი : ლიტ. წერილები
260 _aთბილისი
260 _bგანათლება
260 _c1969
300 _a225გვ. ; 20სმ.
541 _h7ლ. 45თ.
653 _aმითოლოგიური ენგადი : ლიტ. წერილები
942 _cBK
999 _c56091
_d56091